MARC

LEADER 00000nam0a2200000 4500
001 340605
005 20231102005246.0
035 |a (RuTPU)RU\TPU\book\367528 
090 |a 340605 
100 |a 20180404d1957 k y0rusy50 ca 
101 0 |a rus 
102 |a RU 
105 |a y dm 001zy 
200 1 |a Амперометрическое титрование  |e автореферат диссертации на соискание ученой степени доктора химических наук  |f О. А. Сонгина  |g Московский государственный университет им. М. В. Ломоносова (МГУ) 
210 |a Москва  |c [Б. и.]  |d 1957 
215 |a 29 с. 
320 |a Библиогр.: с. 28-29 (27 назв.) 
606 1 |a Титрование амперометрическое  |2 stltpush  |3 (RuTPU)RU\TPU\subj\60752  |9 77981 
610 1 |a анодные методы 
610 1 |a индикаторные электроды 
610 1 |a вольт-амперные характеристики 
610 1 |a кривые 
610 1 |a катодные методы 
610 1 |a опреснение 
610 1 |a методики 
610 1 |a библиотека А. Г. Стромберга 
610 1 |a авторефераты диссертаций 
675 |a 543.553(04)  |v 4 
700 1 |a Сонгина  |b О. А. 
712 0 2 |a Московский государственный университет им. М. В. Ломоносова (МГУ)  |2 stltpush  |3 (RuTPU)RU\TPU\col\7 
801 1 |a RU  |b 63413507  |c 20180404 
801 2 |a RU  |b 63413507  |c 20180523  |g RCR 
942 |c BK